| 000 | 00724nam a2200241 a 4500 | ||
|---|---|---|---|
| 999 |
_c841 _d841 |
||
| 008 | 191104r20072008xxk||||g |||| 00| 0beng d | ||
| 020 |
_a9781847670830 _cRs. 798.00 |
||
| 040 |
_aKO _beng |
||
| 041 | 0 | _aeng | |
| 044 | _axxk | ||
| 082 | 0 | 4 |
_223 _a973.932 _bOb1 |
| 100 | 1 | _aObama, Barack | |
| 245 | 1 | 0 |
_aThe Audacity of Hope : _bThoughts on reclaiming the American Dream / _cBarack Obama |
| 260 |
_aEdinburgh : _bCanongate Books Ltd. , _c2007, reprinted 2008 |
||
| 300 |
_a375 p. ; _c20 cm. |
||
| 504 | _aInclude Index. | ||
| 600 | _aObama, Barack | ||
| 650 | 0 |
_aPhilosophy _vBiography _zUnited States |
|
| 650 | 0 |
_aLegislators Congress. Senate _vBiography _zUnited States |
|
| 904 | _aA_BOSE | ||
| 942 | _cBK | ||